000 02860nkm0a2200481 4500
001 RU\NLR\DIGIT\525856
005 20260204000000.0
020 _aRU
_b890/11
_9ЛЕНИНГРАД В ВЕЛИКОЙ ОТЕЧЕСТВЕННОЙ ВОЙНЕ: Печать Ленинграда, 1941 - 1945: каталог изданий, хранящихся в фондах Государственной Публичной библиотеки, вып.2. Листовки,плакаты,открытки,альбомы/Гос.публ.б-ка им.М.Е.Салтыкова-Щедрина. - Ленинград,1972
035 _a(NLR Aleph) 010460000
090 _a74937
_c74937
100 _a20140815d1943 m y0rusy50 ca
101 0 _arus
102 _aRU
116 _adiycxx zz ad
135 _acrcn 024anaba
200 1 _aКому пироги и пышки, кому синяки и шишки
_e[Плакат]
_fХудож. С.С. Боим. Текст В. Азарова
210 _a[Ленинград]
_cПолит. упр. КБФ
_d1943
215 _a1 л.
_d43x30 см
225 2 _aБалтийский прожектор
_e[Серия плакатов]
_h№11
325 _aКопия доступна в Электрон. б-ке РНБ http://vivaldi.nlr.ru/la000070070/view
327 _aКарикатура на Гитлера и его окружение
517 1 _aНемцы думали - гадали "Завтра будем на Урале"
540 1 _aНемцы думали - гадали Завтра будем на Урале
606 1 _aБлокада Ленинграда
_z1941 - 1944
_jПлакаты
_2nlr_sh1
_2nlr_sh2
_3RU\NLR\AUTH\661253360
608 _aПлакаты общественно-политические
610 0 _aПлакаты
702 1 _aБоим
_bС.С.
_cхудожник
_f1899-1978
_gСоломон Соломонович
_4040
702 1 _aАзаров
_bВ. Б.
_cпоэт, писатель
_f1913-1990
_gВсеволод Борисович
_3RU\NLR\AUTH\7762699
_4070
712 0 2 _aБалтийский флот
_bПолитическое управление
_3RU\NLR\AUTH\8810005574
_4570
801 2 _aRU
_bNLR
_c20140815
_2rusmarc
852 _aNLR
_bЛ3-310 п
_jЛ3-310 п 29/1-1/11
852 _aNLR
_bЭ
_jПлИр995/5-201/11
_mЭ035107
856 0 _uhttp://vivaldi.nlr.ru/la000070070/view
856 1 _uhttp://vivaldi.nlr.ru/la000070070/cover
856 2 _uhttp://vivaldi.nlr.ru/la000070070/text
942 _cVISUAL
945 _aРоссийская национальная библиотека
980 _aNB
980 _aBV
981 3 7 _a(37) Ленинград в Великой Отечественной войне
981 1 7 _a(17) Изографические материалы
_b(17) Плакаты